000
00266nam a22001217a 4500
008
180130b xxu||||| |||| 00| 0 eng d
041
_a
eng
080
_a
94
100
_a
16
101
_a
his
245
_a
splendors rome and vatican
_c
tullio.p
942
_2
udc
_c
BK
999
_c
41248
_d
41248